Analisis isu-isu berbangkit berkaitan bidang kuasa Mahkamah Syariah Aceh /
محفوظ في:
| المؤلف الرئيسي: | |
|---|---|
| التنسيق: | أطروحة كتاب |
| اللغة: | Malay |
| منشور في: |
2013.
|
| الموضوعات: | |
| الوصول للمادة أونلاين: | http://studentsrepo.um.edu.my/id/eprint/5065 |
| الوسوم: |
إضافة وسم
لا توجد وسوم, كن أول من يضع وسما على هذه التسجيلة!
|
| LEADER | 01729cam a2200373 i 4500 | ||
|---|---|---|---|
| 001 | u892468 | ||
| 003 | SIRSI | ||
| 005 | 201311141513 | ||
| 008 | 131114s2013 my a t 000 0 may m | ||
| 040 | |a UMM |d AUM |e rda | ||
| 043 | |a a-io--- | ||
| 090 | |a BP42 |b A1 UM 2013 Saiai | ||
| 100 | 0 | |a Saiful Azhar Ilyas, |e author | |
| 245 | 1 | 0 | |a Analisis isu-isu berbangkit berkaitan bidang kuasa Mahkamah Syariah Aceh / |c Saiful Azhar Ilyas ; diselia oleh Prof. Madya Dr. Ruzman Md Noor. |
| 264 | 1 | |c 2013. | |
| 264 | 4 | |c 2013 | |
| 300 | |a xiii, 115 [12] leaves : |b illustrations ; |c 30 cm. | ||
| 336 | |a text |2 rdacontent | ||
| 337 | |a unmediated |2 rdamedia | ||
| 338 | |a volume |2 rdacarrier | ||
| 500 | |a AIUM. | ||
| 502 | |b M.Syariah |c Jabatan Syariah dan Undang-Undang, Akademi Pengajian Islam, Universiti Malaya |d 2013. | ||
| 504 | |a Bibliography: leaves 110-114 | ||
| 650 | 0 | |a Islamic courts |z Indonesia | |
| 650 | 0 | |a Justice, Administration of (Islamic law) |z Indonesia | |
| 700 | 0 | |a Ruzman Md. Noor, |e degree supervisor | |
| 710 | 2 | 0 | |a Universiti Malaya. |b Jabatan Syariah dan Undang-Undang, |e degree granting instituition. |
| 856 | 4 | 1 | |u http://studentsrepo.um.edu.my/id/eprint/5065 |
| 900 | |a HH-ZA | ||
| 596 | |a 1 12 18 25 | ||
| 999 | |a BP42 A1 UM 2013 SAIAI |w LC |c 1 |i A514695805 |l RESERVES |m P18ISLPURI |r Y |s Y |t TESIS |u 18/11/2013 | ||
| 999 | |a BP42 A1 UM 2013 SAIAI |w LC |c 1 |i A515787790 |d 3/5/2019 |e 3/5/2019 |f 25/2/2014 |g 1 |l STACKS |m P12ISLAMKL |n 5 |r Y |s Y |t TESIS |u 25/2/2014 | ||
| 999 | |a BP42 A1 UM 2013 SAIAI |w LC |c 1 |i A515870262 |d 30/4/2019 |e 30/4/2019 |f 24/2/2015 |g 1 |l STACKS |m P01UTAMA |n 3 |r Y |s Y |t TESIS |u 23/2/2015 | ||
| 999 | |a BP42 A1 UM 2013 SAIAI |w LC |c 1 |i A517301048 |f 12/12/2019 |g 1 |l STACKS |m P25UMARCHI |r N |s Y |t CD |u 12/12/2019 |1 AHSS |o .STAFF. MST-CD1658 | ||
